Microeconomía
Uloženo v:
| Hlavní autoři: | , |
|---|---|
| Médium: | Kniha |
| Jazyk: | španělština |
| Vydáno: |
Bogotá
McGraw-Hill
1988
|
| Vydání: | 2a. ed |
| Témata: | |
| Tagy: |
Přidat tag
Žádné tagy, Buďte první, kdo vytvoří štítek k tomuto záznamu!
|
MARC
| LEADER | 00000cam a2200000 a 4500 | ||
|---|---|---|---|
| 001 | UCV4176 | ||
| 003 | CL-VaPUC | ||
| 008 | 900705e19880000CK |||||||||||||||||spa|d | ||
| 020 | |a 9684220464 | ||
| 082 | 0 | 4 | |a 338.5 |b MIL |2 21 |
| 100 | |a Miller, Roger LeRoy |e autor |9 861948 | ||
| 700 | 0 | |a Meiners, Roger E |e author |9 298497 | |
| 245 | 1 | 0 | |a Microeconomía |
| 250 | |a 2a. ed | ||
| 300 | |a 703 p | ||
| 942 | |c BK | ||
| 945 | |d 19900705 00:00:00 | ||
| 260 | |a Bogotá |b McGraw-Hill |c 1988 | ||
| 650 | 0 | |a Microeconomía |9 258126 | |
| 583 | |a last modification |c 20181207 03:06:42 |k Rodrigo Vera | ||
| 999 | |c 211143 |d 211141 | ||
| 952 | |0 0 |1 0 |4 0 |6 338_500000000000000_MIL_1988 |7 0 |8 A |9 189307 |a BIBING |b BIBING |d 2019-11-14 |i 2569426 |o 338.5 MIL 1988 |p 2569426 |r 2025-01-20 |w 2019-11-14 |y BK |k EII | ||
| 952 | |0 0 |1 0 |4 0 |6 338_500000000000000_MIL_1988 |7 0 |8 A |9 189310 |a BIBALI |b BIBALI |c RES |d 2019-11-14 |i 2588773 |o 338.5 MIL 1988 |p 2588773 |r 2025-01-20 |w 2019-11-14 |y BK_R |k ALI | ||
| 952 | |0 0 |1 0 |4 0 |6 338_500000000000000_MIL_1988 |7 0 |8 A |9 189313 |a BIBALI |b BIBALI |c RES |d 2019-11-14 |i 3138976 |o 338.5 MIL 1988 |p 3138976 |r 2025-01-20 |w 2019-11-14 |y BK_R |k ALI | ||
| 952 | |0 0 |1 0 |3 erb |4 0 |6 338_500000000000000_MIL_1988 |7 0 |8 A |9 189314 |a BIBING |b BIBING |i 5069033 |o 338.5 MIL 1988 |p 5069033 |r 2025-01-20 |w 2019-11-14 |y BK |k GEO | ||